Capitales les plus proches - multi-choix - Statistiques

Statistiques générales
  • Ce quiz a été pris 98 fois
  • Le résultat moyen est 8 sur 20
Statistiques - réponses
Question Réponse % Correct
Addis-Abeba Nairobi
100%
Los Angeles Mexico
75%
Ljubljana Zagreb
75%
Nairobi Harare
50%
Canberra Jakarta
50%
Paris Londres
50%
La Havane Mexico
50%
Jerusalem Riyad
50%
Bakou Téhéran
50%
Honolulu Wellington
50%
Athènes Ankara
25%
Buenos Aires Asunción
25%
Londres Bruxelles
25%
Hong-Kong Hanoï
25%
New Delhi Islamabad
25%
Moscou Kiev
25%
Ngerulmud Manille
25%
Nuuk Ottawa
25%
Riyad Koweït
0%
Rabat Madrid
0%
Aucun quiz correspondant
Distribution des résultats
% des personnes avec chaque résultat
Percentile par nombre de réponses
Votre historique - résultats
Vous n’avez pas pris ce quiz